El código de peñaló : (Registro nro. 7165)
[ vista simple ]
| 000 -LIDER | |
|---|---|
| fixed length control field | 00647nam a2200205 a 4500 |
| 001 - NÚMERO DE CONTROL | |
| Identificador de número de control | 000044181 |
| 003 - IDENTIFICACDOR DE NÚMERO DE CONTROL | |
| control field | 000044181 |
| 005 - DATE AND TIME OF LATEST TRANSACTION | |
| control field | 20180212134206.0 |
| 008 - ELEMENTOS DE LONGITUD FIJA | |
| fixed length control field | 140605s2010 dr 000 0 spa d |
| 020 ## - ISBN | |
| International Standard Book Number | 9789945131291 |
| 040 ## - FUENTE DE CATALOGACIÓN | |
| Agencia que crea de manera original el registro | BPMSU |
| Idioma de catalogación | spa |
| Agencia que realiza la transcripción | BPMSU |
| 092 ## - LOCALLY ASSIGNED DEWEY DECIMAL CALL NUMBER | |
| Número de clasificación | xxxxxx |
| Número de ítem (Cutter) | xxxxxx |
| 100 1# - ASIENTO PRINCIPAL -- NOMBRE PERSONAL | |
| Nombre personal | Peñaló S., Paulino A. |
| 245 13 - MENCIÓN DE TITULO | |
| Título | El código de peñaló : |
| Subtítulo | principios de superación y seguridad personal / |
| Mención de responsabilidad | Paulino A. Peñaló S. |
| 260 ## - PUBLICACIÓN, DISTRIBUCIÓN, ETC. (PIE DE IMPRENTA) | |
| Lugar de publicación, distribución, etc | Santo Domingo : |
| Nombre del editor, distribuidor, etc. | Mediabyte, |
| Fecha de publicación, distribución, etc | 2010. |
| 300 ## - DESCRIPCIÓN FÍSICA | |
| Extensión | 167 p. : |
| Dimensiones | 22 cm. |
| 942 ## - ADDED ENTRY ELEMENTS (KOHA) | |
| Source of classification or shelving scheme | Dewey Decimal Classification |
| Koha item type | Libros |
| 945 ## - INFORMACIÓN DE PROCESAMIENTO LOCAL | |
| Información de procesamiento local | Título remanejado para la BNPHU / 2018 VM |
| 956 ## - LOCAL ELECTRONIC LOCATION AND ACCESS (OCLC) | |
| Nombre de host | VMATEO |
| Número de acceso | 10 |
| Información de compresión | 20150914 |
| Inicio de sesión | BPMSU |
| Procesador de solicitud | 0069 |
| Withdrawn status | Lost status | Source of classification or shelving scheme | Damaged status | Not for loan | Collection code | Home library | Current library | Date acquired | Total Checkouts | Barcode | Date last seen | Price effective from | Koha item type |
|---|---|---|---|---|---|---|---|---|---|---|---|---|---|
| Dewey Decimal Classification | Colección Dominicana | Biblioteca Pública Metropolitana Salomé Ureña | Biblioteca Pública Metropolitana Salomé Ureña | 07/15/2014 | BPMSU15040589 | 07/15/2014 | 07/15/2014 | Libros |